000
00334nam a2200145Ia 4500
008
230718s9999 xx 000 0 und d
041
_a
Eng.
082
_a
36473
_b
HAQ-P
100
_a
Haq, Dr. irsamul
245
0
_a
Palastan Delt Trap
260
_a
Pakistan
_b
Oxford Universty
_c
2003
300
_a
303
650
_a
Law
999
_c
28621
_d
28621